000 00393 a2200109 4500
001 ART_52716
005 20260410162034.0
008 260409a
245 1 0 _aGanancias. Empleados en relación de dependencia. Reglamentación de las modificaciones para el período 2021
100 1 _aDe Luca, Lorena F.
773 0 _tLiquidación de sueldos
_g- N° 182 (jul. 2021)
_wREV44399
999 _c34315
_d34315